| Tag |
First Indicator |
Second Indicator |
Subfields |
| LEADER |
00000cam a2200000Ia 4500 |
| 001 |
in00001640021 |
| 005 |
20151023062213.0 |
| 008 |
890511s1990 ru a b 001 0 rus d |
| 020 |
|
|
|a 5279003069
|
| 035 |
|
|
|a (OCoLC)ocm24808240
|
| 040 |
|
|
|a HLS
|c HLS
|d IXA
|d AGL
|d OCL
|d TXA
|d UtOrBLW
|
| 049 |
|
|
|a TXAM
|
| 070 |
0 |
|
|a HD1421.S732
|b 1990
|
| 072 |
|
0 |
|a X100
|
| 090 |
|
|
|a HD1992
|b .S727 1990
|
| 242 |
0 |
0 |
|a Statistics of agriculture.
|y eng
|
| 245 |
0 |
0 |
|a Statistika selʹskogo khozi︠a︡ĭstva /
|c pod redakt︠s︡ieĭ O.P. Zamoskovnogo i B.I. Pleshkova.
|
| 264 |
|
1 |
|a Moskva :
|b Finansy i statistika,
|c 1990.
|
| 300 |
|
|
|a 342 pages :
|b illustrations ;
|c 23 cm.
|
| 336 |
|
|
|a text
|b txt
|2 rdacontent
|
| 337 |
|
|
|a unmediated
|b n
|2 rdamedia
|
| 338 |
|
|
|a volume
|b nc
|2 rdacarrier
|
| 500 |
|
|
|a Authorized for instructional purposes.
|
| 504 |
|
|
|a Includes bibliographical references (page [340]) and index.
|
| 650 |
|
0 |
|a Agriculture
|z Soviet Union
|x Statistical methods.
|
| 650 |
|
0 |
|a Agriculture
|x Economic aspects
|z Soviet Union.
|
| 700 |
1 |
|
|a Zamoskovnyĭ, O. P.
|q (Okti͡abrenok Petrovich)
|
| 700 |
1 |
|
|a Pleshkov, B. I.
|q (Boris Ivanovich)
|
| 948 |
|
|
|a cataloged
|b h
|c 2001/8/6
|d c
|e spoltoratski
|f 4:54:18 pm
|
| 994 |
|
|
|a E0
|b TXA
|
| 999 |
|
|
|a MARS
|
| 999 |
f |
f |
|s 5b778ccd-8a88-3786-a791-543652ecc784
|i a61efa6a-6750-3553-8139-6f85b47eac9c
|t 0
|
| 952 |
f |
f |
|p ric
|a Texas A&M University
|b Rellis Campus
|c Joint Library Facility
|d Remote Storage
|t 0
|e HD1992 .S727 1990
|h Library of Congress classification
|i unmediated -- volume
|m A14828034486
|
| 998 |
f |
f |
|a HD1992 .S727 1990
|t 0
|l Remote Storage
|